000 00581nam a2200193Ii 4500
003 JO-AjNU
008 230605s9999||||xx |||||||||||||| ||und||
040 _aJO-AjNU
_bara
_erda
_cJO-AjNU
041 _aara
050 1 4 _aBP14.8.K9.1977
100 3 _aالخياط،عبد العزيز ,
_eauthor
_919364
245 0 0 _aنظرية العرف
264 3 1 _aعمان:مكتبة الاقصى ،1977
300 _a152ص
336 _atext
_btxt
_2rdacontent
337 _aunmediated
_bn
_2rdamedia
338 _avolume
_bnc
_2rdacarrier
650 4 _aالمذاهب الفقهية
_919365
999 _aA6374
_c9942
_d9942